00524nam a2200157Ia 4500003000900000008004100009020001800050040001600068080002000084100002000104245015100124260003800275300001500313650001900328650001900347IN-BaIIA211028s9999 xx 000 0 eng d a0-471-82102-0 cIIA Library a621.396.67bSTE aSteinberg, B. D 0aPrinciples of aperture and array system designbincluding random and adaptive arrayscB. D. Steinberg  aNew YorkbJohn Wiley & Sonsc1976 axxi, 356p. aAntenna arrays aNASA thesaurus